Roma de los Césares
Furkejuvvon:
| Váldodahkki: | |
|---|---|
| Materiálatiipa: | Girji |
| Giella: | espánnjágiella |
| Almmustuhtton: |
Barcelona
Planeta
1989
|
| Fáttát: | |
| Fáddágilkorat: |
Lasit fáddágilkoriid
Eai fáddágilkorat, Lasit vuosttaš fáddágilkora!
|
MARC
| LEADER | 00000nam a2200000 a 4500 | ||
|---|---|---|---|
| 001 | UCX4367 | ||
| 003 | CL-VaPUC | ||
| 008 | 920421e19890000SP |||||||||||||||||spa|d | ||
| 082 | 0 | 4 | |a 937 |b ESL |2 21 |
| 100 | 0 | |a Eslava Galán, Juan |e author |9 320525 | |
| 245 | 1 | 0 | |a Roma de los Césares |
| 300 | |a 231 p | ||
| 942 | |c BK | ||
| 945 | |d 19920421 00:00:00 | ||
| 260 | |a Barcelona |b Planeta |c 1989 | ||
| 650 | 0 | |a Historia |9 255047 | |
| 651 | 0 | |a Roma |9 255106 | |
| 583 | |a last modification |c 19920421 00:00:00 |k Rodrigo Vera | ||
| 999 | |c 224847 |d 224845 | ||
| 952 | |0 0 |1 0 |4 0 |6 937_000000000000000_ESL_1989 |7 0 |8 A |9 221842 |a BIBHIS |b BIBHIS |d 2019-11-15 |i 2907143 |o 937 ESL 1989 |p 2907143 |r 2025-01-20 |w 2019-11-15 |y BK |k HIS | ||